Loading...
| Science - Physics | 0 | 6 | 0 | 0 | 60 | 79 | 98.17 | 4 | 6 | 0.00 | 0.00 |
| Science - Biology | 0 | 5 | 1 | 0 | 45 | 69 | 96.60 | 0 | 5 | 0.00 | 0.00 |
| Fine Arts - Classical Music | 0 | 4 | 1 | 0 | 35 | 78 | 98.50 | 1 | 4 | 0.00 | 0.00 |
| Fine Arts - Painting & Sculpture | 0 | 4 | 1 | 0 | 35 | 85 | 111.50 | 2 | 3 | 0.00 | 0.00 |
| Science - Chemistry | 0 | 4 | 2 | 0 | 30 | 86 | 101.50 | 2 | 4 | 0.00 | 0.00 |
| Literature - European | 0 | 3 | 1 | 0 | 25 | 97 | 121.00 | 0 | 2 | 0.00 | 0.00 |
| History - World | 0 | 2 | 0 | 0 | 20 | 96 | 113.00 | 0 | 1 | 0.00 | 0.00 |
| Philosophy | 0 | 2 | 0 | 0 | 20 | 46 | 82.50 | 1 | 1 | 0.00 | 0.00 |
| History - American | 0 | 2 | 0 | 0 | 20 | 93 | 106.50 | 0 | 1 | 0.00 | 0.00 |
| Literature - World | 0 | 2 | 1 | 0 | 15 | 138 | 141.50 | 0 | 0 | 0.00 | 0.00 |
| Literature - British | 0 | 2 | 1 | 0 | 15 | 108 | 125.50 | 0 | 2 | 0.00 | 0.00 |
| Religion | 0 | 2 | 2 | 0 | 10 | 123 | 133.00 | 0 | 0 | 0.00 | 0.00 |
| History - European | 0 | 1 | 0 | 0 | 10 | 127 | 127.00 | 0 | 0 | 0.00 | 0.00 |
| Fine Arts - Other | 0 | 2 | 2 | 1 | 10 | 113 | 134.00 | 0 | 1 | 0.00 | 0.00 |
| Mythology | 0 | 1 | 1 | 0 | 5 | 138 | 138.00 | 0 | 0 | 0.00 | 0.00 |
| Literature - American | 0 | 1 | 1 | 0 | 5 | 120 | 120.00 | 0 | 0 | 0.00 | 0.00 |
| Social Science | 0 | 1 | 1 | 0 | 5 | 102 | 102.00 | 0 | 0 | 0.00 | 0.00 |
| Science - Other | 0 | 1 | 2 | 0 | 0 | 101 | 101.00 | 0 | 1 | 0.00 | 0.00 |
| Other | 0 | 0 | 1 | 0 | -5 | 0.00 | 0 | 0 | 0.00 | 0.00 | |
| History - Other | 0 | 0 | 1 | 0 | -5 | 0.00 | 0 | 0 | 0.00 | 0.00 |